El hombre en el grupo
I tiakina i:
| Kaituhi matua: | |
|---|---|
| Hōputu: | Pukapuka |
| Reo: | Pāniora |
| I whakaputaina: |
Barcelona
Herder
1978
|
| Rangatū: | Biblioteca de psicología, 45
|
| Ngā marau: | |
| Ngā Tūtohu: |
Tāpirihia he Tūtohu
Kāore He Tūtohu, Me noho koe te mea tuatahi ki te tūtohu i tēnei pūkete!
|
MARC
| LEADER | 00000nam a2200000 a 4500 | ||
|---|---|---|---|
| 001 | UCW5960 | ||
| 003 | CL-VaPUC | ||
| 008 | 910909e19780000SP |||||||||||||||||spa|d | ||
| 082 | 0 | 4 | |a 616.8914 |b BAT |2 21 |
| 100 | 0 | |a Battegay, Raymond |e author |9 310995 | |
| 245 | 1 | 3 | |a El hombre en el grupo |
| 300 | |a 274 p | ||
| 942 | |c BK | ||
| 945 | |d 19910909 00:00:00 | ||
| 260 | |a Barcelona |b Herder |c 1978 | ||
| 650 | 7 | |a PSICOTERAPIA |2 CL-VaPUC |9 310996 | |
| 583 | |a last modification |c 19910909 00:00:00 |k Rodrigo Vera | ||
| 490 | 0 | |a Biblioteca de psicología, 45 | |
| 999 | |c 219218 |d 219216 | ||
| 952 | |0 0 |1 0 |4 0 |6 616_891400000000000_BAT_1978 |7 0 |8 P |9 209863 |a BIBEDU |b BIBEDU |c BIBEDU_PB |d 2019-11-15 |i 2778084 |o 616.8914 BAT 1978 |p 2778084 |r 2024-01-25 |w 2019-11-15 |y BK |k EDU | ||